Statistics for Purely Geography

Click here to take the quiz!

General Stats

  • This quiz has been taken 49 times
  • The average score is 6 of 15

Answer Stats

HintAnswer% Correct
In what country is Machu Picchu?Peru
92%
Which Canadian Province is located between British Columbia and Saskatchewan?Alberta
75%
What is the state capital of KansasTopeka
71%
In which sea would you locate the Isle of Man?Irish
63%
What lake borders California and Nevada?Tahoe
60%
In which ocean is the British Territory of Diego Garcia?Indian
56%
At which French city do the rivers Rhone and Saone merge?Lyon
52%
On what river is the Three Gorges Dam?Yangtze
50%
From what country did the clipper ships' cargoes originate?China
31%
For what lucrative cargo trade were clipper ships built?Tea
21%
What was Benin formerly called?Dahomey
13%
What project brought an end to the need for clipper ships?Panama Canal
10%
What mythical structure would you historically find where the Mediterranean Sea flows into the Atlantic Ocean?Pillars of Hercules
4%
What city lies at the confluence of the Solimoes and Negro rivers?Manaus
4%
Who is probably the most famous person to reside on the Isle of Man?Nigel Mansell
0%

Score Distribution

Percentile by Number Answered

Percent of People with Each Score

Your Score History

You have not taken this quiz